Gaming Quiz

Random Gaming Quiz

Injustice: Gods Among Us Characters Quiz Stats

 Plays Quiz not verified by Sporcle

Score 0/30 Timer 06:00
0 Plays Today
% Correct
Batman
98.1%
Aquaman
96.2%
Superman
96.2%
The Flash
94.2%
Green Lantern
94.2%
The Joker
94.2%
Harley Quinn
92.3%
Green Arrow
90.4%
Nightwing
90.4%
Wonder Woman
90.4%
Bane
88.5%
Catwoman
84.6%
Batgirl
82.7%
Hawkgirl
82.7%
Raven
82.7%
% Correct
Sinestro
80.8%
Cyborg
78.8%
Killer Frost
78.8%
Solomon Grundy
78.8%
Zod
78.8%
Ares
76.9%
Deathstroke
76.9%
Doomsday
76.9%
Lex Luthor
76.9%
Shazam
76.9%
Black Adam
75%
Martian Manhunter
75%
Lobo
73.1%
Scorpion
73.1%
Zatanna
69.2%

You're not logged in!

Compare scores with friends on all Sporcle quizzes.
OR
Log In

Sporcle TV

Today on Sporcle TV


Watch our educational content, quiz creation guides, and fun videos on Sporcle TV.

Show Comments

Extras

Created Sep 5, 2017ReportNominate
Tags:among, character, god, Injustice, Playable

Top Quizzes Today


Score Distribution

Your Account Isn't Verified!

In order to create a playlist on Sporcle, you need to verify the email address you used during registration. Go to your Sporcle Settings to finish the process.

Report this User

Report this user for behavior that violates our Community Guidelines.

Details: